Normal view
MARC view
- تاليف ماجد، عبد المنعم
Entry Personal Name
001 - CONTROL NUMBER
- control field: 41177
003 - CONTROL NUMBER IDENTIFIER
- control field: JO-AjAnu
005 - DATE AND TIME OF LATEST TRANSACTION
- control field: 20230606080836.0
008 - FIXED-LENGTH DATA ELEMENTS
- fixed length control field: 230606|| aca||aabn | a|a d
040 ## - CATALOGING SOURCE
- Original cataloging agency: JO-AjAnu
- Transcribing agency: JO-AjAnu
100 ## - HEADING--PERSONAL NAME
- Personal name: تاليف ماجد، عبد المنعم
670 ## - SOURCE DATA FOUND
- Source citation: Work cat.: (JO-AjAnu)21103: تاليف ماجد، عبد المنعم, author, التاريخ السياسي للدولة العربية: عصور الجاهلية والنبوة والخلفاء الراشدين، الجزء الأول